Sūnā āsamāna / (Record no. 80017)

MARC details
000 -LEADER
fixed length control field 00560cam a22002054a 4500
001 - CONTROL NUMBER
control field sa 68004168
003 - CONTROL NUMBER IDENTIFIER
control field DLC
005 - DATE AND TIME OF LATEST TRANSACTION
control field 20260227112459.0
008 - FIXED-LENGTH DATA ELEMENTS--GENERAL INFORMATION
fixed length control field 890831s1967 ii a 000 1 hino
010 ## - LIBRARY OF CONGRESS CONTROL NUMBER
LC control number sa 68004168
040 ## - CATALOGING SOURCE
Original cataloging agency DLC
Transcribing agency DLC
050 00 - LIBRARY OF CONGRESS CALL NUMBER
Classification number PK2098.B3394
Item number S96 1967
100 0# - MAIN ENTRY--PERSONAL NAME
Personal name Balvant Singh,
Dates associated with a name 1920-1986.
245 10 - TITLE STATEMENT
Title Sūnā āsamāna /
Statement of responsibility, etc. Balavanta Siṃha.
250 ## - EDITION STATEMENT
Edition statement 1. saṃskaraṇa.
260 ## - PUBLICATION, DISTRIBUTION, ETC.
Place of publication, distribution, etc. Ilāhābāda :
Name of publisher, distributor, etc. Lokabhāratī Prakāśana,
Date of publication, distribution, etc. 1967.
300 ## - PHYSICAL DESCRIPTION
Extent 630 p. :
Other physical details ill. ;
Dimensions 19 cm.
500 ## - GENERAL NOTE
General note Novel.
546 ## - LANGUAGE NOTE
Language note In Hindi.

No items available.

Powered by Koha